<?xml version="1.0" encoding="UTF-8"?>
<record
    xmlns:xsi="http://www.w3.org/2001/XMLSchema-instance"
    xsi:schemaLocation="http://www.loc.gov/MARC21/slim http://www.loc.gov/standards/marcxml/schema/MARC21slim.xsd"
    xmlns="http://www.loc.gov/MARC21/slim">

  <leader>01634nam a22002657a 4500</leader>
  <controlfield tag="003">MN-UlLSGH</controlfield>
  <controlfield tag="005">20260625154644.0</controlfield>
  <controlfield tag="008">260625b        mp a|||| id|| 00| 0 mon d</controlfield>
  <datafield tag="020" ind1=" " ind2=" ">
    <subfield code="a">9789919046194</subfield>
    <subfield code="q">&#x445;&#x430;&#x442;&#x443;&#x443; &#x445;&#x430;&#x432;&#x442;&#x430;&#x441;&#x442;&#x430;&#x439; </subfield>
  </datafield>
  <datafield tag="040" ind1=" " ind2=" ">
    <subfield code="c">MN-ULPAL</subfield>
  </datafield>
  <datafield tag="041" ind1="1" ind2=" ">
    <subfield code="a">mon </subfield>
    <subfield code="h">eng</subfield>
  </datafield>
  <datafield tag="084" ind1=" " ind2=" ">
    <subfield code="a">67.71 </subfield>
    <subfield code="b">&#x421;11</subfield>
  </datafield>
  <datafield tag="100" ind1="1" ind2=" ">
    <subfield code="a">&#x421;&#x430;&#x441;&#x441;&#x43A;&#x438;&#x43D;&#x434;, &#x420;&#x438;&#x447;&#x430;&#x440;&#x434;.</subfield>
    <subfield code="e">&#x437;&#x43E;&#x445;&#x438;&#x43E;&#x433;&#x447;</subfield>
    <subfield code="9">16398</subfield>
  </datafield>
  <datafield tag="245" ind1="1" ind2=" ">
    <subfield code="a">&#x426;&#x430;&#x445;&#x438;&#x43C; &#x448;&#x4AF;&#x4AF;&#x445; &#x431;&#x430; &#x448;&#x4AF;&#x4AF;&#x445; &#x44D;&#x440;&#x445; &#x43C;&#x44D;&#x434;&#x43B;&#x438;&#x439;&#x43D; &#x438;&#x440;&#x44D;&#x44D;&#x434;&#x4AF;&#x439; /</subfield>
    <subfield code="c">&#x41E;&#x440;&#x447;&#x443;&#x443;&#x43B;&#x441;&#x430;&#x43D; :  &#x421;.&#x426;&#x44D;&#x440;&#x44D;&#x43D;&#x434;&#x43E;&#x43B;&#x433;&#x43E;&#x440; ; &#x415;&#x440;&#x4E9;&#x43D;&#x445;&#x438;&#x439; &#x440;&#x435;&#x434;&#x430;&#x43A;&#x442;&#x43E;&#x440; : &#x426;.&#x426;&#x43E;&#x433;&#x442; </subfield>
  </datafield>
  <datafield tag="260" ind1=" " ind2=" ">
    <subfield code="c">@2019</subfield>
    <subfield code="c">2025</subfield>
  </datafield>
  <datafield tag="300" ind1=" " ind2=" ">
    <subfield code="a">390 &#x445;&#x443;&#x443;&#x434;&#x430;&#x441;&#x442;&#x430;&#x439; </subfield>
    <subfield code="b">&#x438;&#x43D;&#x434;&#x435;&#x43A;&#x441;, &#x44D;&#x448;&#x43B;&#x44D;&#x43B; &#x437;&#x4AF;&#x4AF;&#x43B;&#x442;, &#x43D;&#x44D;&#x43C;&#x436; &#x443;&#x43D;&#x448;&#x438;&#x445; &#x43C;&#x430;&#x442;&#x435;&#x440;&#x438;&#x430;&#x43B;&#x44B;&#x43D; &#x436;&#x430;&#x433;&#x441;&#x430;&#x430;&#x43B;&#x442;&#x442;&#x430;&#x439; </subfield>
    <subfield code="c">24 &#x441;&#x43C; </subfield>
  </datafield>
  <datafield tag="336" ind1=" " ind2=" ">
    <subfield code="2">rdacontent</subfield>
    <subfield code="a">text</subfield>
    <subfield code="b">txt</subfield>
  </datafield>
  <datafield tag="337" ind1=" " ind2=" ">
    <subfield code="a">rdamedia</subfield>
    <subfield code="b">unmediated</subfield>
  </datafield>
  <datafield tag="338" ind1=" " ind2=" ">
    <subfield code="a">volume</subfield>
    <subfield code="b">rdacarrier</subfield>
  </datafield>
  <datafield tag="520" ind1=" " ind2=" ">
    <subfield code="a">&#x41D;&#x43E;&#x43C;&#x43E;&#x43D;&#x434; &#x448;&#x4AF;&#x4AF;&#x445;&#x438;&#x439;&#x43D; &#x445;&#x4AF;&#x440;&#x442;&#x44D;&#x44D;&#x43C;&#x436;&#x438;&#x439;&#x433; &#x445;&#x430;&#x43D;&#x433;&#x430;&#x445; &#x445;&#x430;&#x43C;&#x433;&#x438;&#x439;&#x43D; &#x441;&#x430;&#x439;&#x43D; &#x430;&#x440;&#x433;&#x430; &#x437;&#x430;&#x43C; &#x43D;&#x44C; &#x446;&#x430;&#x445;&#x438;&#x43C; &#x448;&#x4AF;&#x4AF;&#x445; &#x431;&#x43E;&#x43B;&#x43E;&#x445; &#x442;&#x443;&#x445;&#x430;&#x439; &#x437;&#x43E;&#x445;&#x438;&#x43E;&#x433;&#x447; &#x445;&#x4E9;&#x43D;&#x434;&#x4E9;&#x43D; 30 &#x433;&#x430;&#x440;&#x443;&#x439; &#x436;&#x438;&#x43B; &#x441;&#x443;&#x434;&#x430;&#x43B;&#x433;&#x430;&#x430; &#x445;&#x438;&#x439;&#x43D;, &#x445;&#x44D;&#x440;&#x44D;&#x433; &#x445;&#x44F;&#x43D;&#x430;&#x43D; &#x448;&#x438;&#x439;&#x434;&#x432;&#x44D;&#x440;&#x43B;&#x44D;&#x445; &#x430;&#x436;&#x438;&#x43B;&#x43B;&#x430;&#x433;&#x430;&#x430; &#x442;&#x435;&#x445;&#x43D;&#x43E;&#x43B;&#x43E;&#x433;&#x438;&#x439;&#x43D; &#x445;&#x4AF;&#x447;&#x44D;&#x44D;&#x440; &#x445;&#x44D;&#x440;&#x445;&#x44D;&#x43D; &#x445;&#x443;&#x432;&#x438;&#x440;&#x447; &#x4E9;&#x4E9;&#x440;&#x447;&#x43B;&#x4E9;&#x433;&#x434;&#x4E9;&#x445;&#x438;&#x439;&#x433; &#x442;&#x43E;&#x43E;&#x446;&#x43E;&#x43E;&#x43B;&#x436;, &#x448;&#x4AF;&#x4AF;&#x445;&#x44D;&#x434; &#x445;&#x430;&#x43D;&#x434;&#x430;&#x445; &#x44D;&#x440;&#x445;&#x438;&#x439;&#x43D; &#x430;&#x441;&#x443;&#x443;&#x434;&#x430;&#x43B;&#x434; &#x434;&#x44D;&#x43B;&#x445;&#x438;&#x439; &#x434;&#x430;&#x44F;&#x430;&#x440; &#x448;&#x438;&#x439;&#x434;&#x44D;&#x43B; &#x431;&#x43E;&#x43B;&#x43E;&#x445;&#x443;&#x439;&#x446; &#x441;&#x430;&#x43D;&#x430;&#x43B; &#x434;&#x44D;&#x432;&#x448;&#x4AF;&#x4AF;&#x43B;&#x436;&#x44D;&#x44D;.</subfield>
  </datafield>
  <datafield tag="650" ind1=" " ind2="4">
    <subfield code="a">&#x448;&#x4AF;&#x4AF;&#x445; </subfield>
  </datafield>
  <datafield tag="700" ind1="0" ind2=" ">
    <subfield code="a">&#x426;&#x44D;&#x440;&#x44D;&#x43D;&#x434;&#x43E;&#x43B;&#x433;&#x43E;&#x440;, &#x421;&#x430;&#x439;&#x43D;&#x442;&#x4E9;&#x440;&#x438;&#x439;&#x43D;. </subfield>
    <subfield code="e">&#x43E;&#x440;&#x447;&#x443;&#x443;&#x43B;&#x430;&#x433;&#x447; </subfield>
    <subfield code="9">16399</subfield>
  </datafield>
  <datafield tag="700" ind1="0" ind2=" ">
    <subfield code="a">&#x426;&#x43E;&#x433;&#x442;, &#x426;&#x44D;&#x43D;&#x434;&#x438;&#x439;&#x43D;.</subfield>
    <subfield code="e">&#x435;&#x440;&#x4E9;&#x43D;&#x445;&#x438;&#x439; &#x440;&#x435;&#x434;&#x430;&#x43A;&#x442;&#x43E;&#x440;</subfield>
    <subfield code="9">10363</subfield>
  </datafield>
  <datafield tag="942" ind1=" " ind2=" ">
    <subfield code="2">&#x411;&#x411;&#x41A;</subfield>
    <subfield code="c">BK</subfield>
    <subfield code="n">0</subfield>
  </datafield>
  <datafield tag="999" ind1=" " ind2=" ">
    <subfield code="c">32436</subfield>
    <subfield code="d">32436</subfield>
  </datafield>
  <datafield tag="952" ind1=" " ind2=" ">
    <subfield code="0">0</subfield>
    <subfield code="1">0</subfield>
    <subfield code="2">&#x411;&#x411;&#x41A;</subfield>
    <subfield code="4">0</subfield>
    <subfield code="7">0</subfield>
    <subfield code="a">FOND</subfield>
    <subfield code="b">FOND</subfield>
    <subfield code="d">2026-06-25</subfield>
    <subfield code="g">70000.00</subfield>
    <subfield code="i">25268</subfield>
    <subfield code="l">0</subfield>
    <subfield code="o">67.71 &#x421;11</subfield>
    <subfield code="p">40452</subfield>
    <subfield code="r">2026-06-25 11:40:01</subfield>
    <subfield code="w">2026-06-25</subfield>
    <subfield code="y">BK</subfield>
  </datafield>
  <datafield tag="952" ind1=" " ind2=" ">
    <subfield code="0">0</subfield>
    <subfield code="1">0</subfield>
    <subfield code="2">&#x411;&#x411;&#x41A;</subfield>
    <subfield code="4">0</subfield>
    <subfield code="7">0</subfield>
    <subfield code="a">FOND</subfield>
    <subfield code="b">FOND</subfield>
    <subfield code="d">2026-06-25</subfield>
    <subfield code="g">70000.00</subfield>
    <subfield code="i">25269</subfield>
    <subfield code="l">0</subfield>
    <subfield code="o">67.71 &#x421;11</subfield>
    <subfield code="p">40453</subfield>
    <subfield code="r">2026-06-25 11:40:00</subfield>
    <subfield code="w">2026-06-25</subfield>
    <subfield code="y">BK</subfield>
  </datafield>
  <datafield tag="952" ind1=" " ind2=" ">
    <subfield code="0">0</subfield>
    <subfield code="1">0</subfield>
    <subfield code="2">&#x411;&#x411;&#x41A;</subfield>
    <subfield code="4">0</subfield>
    <subfield code="7">0</subfield>
    <subfield code="a">FOND</subfield>
    <subfield code="b">Branch</subfield>
    <subfield code="d">2026-06-25</subfield>
    <subfield code="g">70000.00</subfield>
    <subfield code="i">25270</subfield>
    <subfield code="l">0</subfield>
    <subfield code="o">67.71 &#x421;11</subfield>
    <subfield code="p">40454</subfield>
    <subfield code="r">2026-06-25 11:40:00</subfield>
    <subfield code="w">2026-06-25</subfield>
    <subfield code="y">BK</subfield>
  </datafield>
</record>
